00974nam a2200289Ia 4500001000800000003000500008005001700013008004100030010001100071020001800082040000900100082002600109100002000135245015700155250001100312260003700323300001700360500005600377503001300433650002200446650002900468650003900497650003200536700004600568700002900614700004100643dia_131CHAP20221208113732.0220117s1992 xx 000 0 und d a170562 a84-7615-845-9 cCHAP a620.00420285 J64 1992 aJohnson, Nelson aAutocad : manual de referencia /c Nelson Johnson ; traducción José Rafael García Lazaro, José Fernando Bienvenido Barcena y Alfonso Bosch Aran a2a ed. aMéxico :b McGraw-Hill,c1992 axxxi, 908 p. aTítulo original: Autocad. The Complete Reference. aI.168709 aComputer graphics aComputerxaided design  aDiseño asistido por computador  aGráficos por computador  aBienvenido Barcena, José Fernando, tr.  aBosch Aran, Alfonso, tr. aGarcía Lazaro, José Rafael, tr.